Analýza a návrh databázy konkrétnej firmy bakalárska práca

Guardado en:
Detalles Bibliográficos
Autor principal: Kaššovicová, Renáta
Autor Corporativo: Fakulta hospodárskej informatiky EU. Katedra aplikovanej informatiky
Otros Autores: Pittner, Ján
Formato: Libro
Lenguaje:eslovaco
Publicado: Bratislava 2011
Etiquetas: Agregar Etiqueta
Sin Etiquetas, Sea el primero en etiquetar este registro!

MARC

LEADER 00000nbm a2200000 4500
001 0141040
005 20161109111730.2
041 0 |a slo 
044 |a SK 
245 1 0 |a Analýza a návrh databázy konkrétnej firmy  |b bakalárska práca  |c Renáta Kaššovicová ; školiteľ: Ján Pittner 
264 1 |a Bratislava  |c 2011 
300 |a 44 s. 
100 1 |a Kaššovicová, Renáta 
700 1 |a Pittner, Ján 
710 2 |a Fakulta hospodárskej informatiky EU. Katedra aplikovanej informatiky